000 00411nam a2200169Ia 4500
005 20250423101105.0
008 250422s9999 xx 000 0 und d
020 _a9781597842778
050 _aBP 63 .T8 G85/
100 _aAlptekin, Murat
245 0 _aTeacher in a foreign Land : M. Fethullah Gülen
260 _aNew Jersey
260 _bTughra Books
260 _c2012
300 _a75 p
942 _cBK
999 _c35253
_d35253